| 000 | 00595nam a2200181 i 4500 | ||
|---|---|---|---|
| 001 | 137672 | ||
| 003 | ES-MaACL | ||
| 005 | 20230906195424.0 | ||
| 007 | t| | ||
| 008 | 070214n19201929gw r ||||1| ger d | ||
| 100 | 1 |
_aSaldaña, Quintiliano, _d1878-1938 _9101861 |
|
| 245 | 1 | 0 |
_aJugendgesänguisse in Spanien / _cQuintiliano Saldaña. |
| 260 |
_a[S. l. : _bs. n., _c192_?] |
||
| 300 |
_aP. [53]-64 ; _c22 cm. |
||
| 500 | _aSonderabdruf and der beitschrift f. strafrechtswissendschast Ab. 45. | ||
| 852 |
_aES-MaACL _j1674-F-12 _bR.4572 _z.- Ded. ms. del autor |
||
| 999 |
_c137672 _d137672 |
||